Top 50 Turkey Caps Since 2000 - Statistics

General Stats
  • This quiz has been taken 48 times
  • The average score is 19 of 50
Answer Stats
Debut Last Most Apps For Pos Player Cps Gls % Correct
2013 Milan CM Hakan Çalhanoğlu 87 18
93%
2006 2022 Galatasaray ST Burak Yılmaz 77 31
90%
2016 Leicester City CB Çağlar Söyüncü 55 2
80%
2005 2011 Schalke AM Halil Altıntop 37 8
78%
2004 2014 Schalke RM Hamit Altıntop 81 7
78%
2018 Atalanta CB Merih Demiral 45 2
76%
2004 2014 Fenerbahçe GK Volkan Demirel 62
76%
2006 2017 Galatasaray LW Arda Turan 99 16
73%
2005 2017 Borussia Dortmund DM Nuri Şahin 51 2
68%
1992 2007 Galatasaray ST Hakan Şükür 60 25
66%
2013 Beşiktaş ST Cenk Tosun 50 20
61%
2000 2019 Fenerbahçe CM Emre Belözoğlu 100 9
59%
2016 Marseille RW Cengiz Ünder 51 16
54%
2017 Lille AM Yusuf Yazıcı 45 3
54%
1994 2012 Fenerbahçe GK Rüştü Reçber 77
51%
2015 Getafe ST Enes Ünal 33 2
49%
2000 2010 Beşiktaş RW Nihat Kahveci 69 19
49%
2016 Fortuna Düsseldorf CB Kaan Ayhan 59 5
46%
2018 İstanbul Başakşehir AM İrfan Kahveci 32 2
44%
2018 Lille RB Zeki Çelik 46 2
44%
2006 2021 Fenerbahçe LB Caner Erkin 63 2
34%
2008 2016 Paris Saint-Germain ST Mevlüt Erdinç 34 8
34%
2014 Fenerbahçe CM Ozan Tufan 65 9
32%
2007 2017 Galatasaray CM Selçuk İnan 61 8
32%
2007 2018 Trabzonspor ST Umut Bulut 39 10
29%
2008 2018 Fenerbahçe DM Mehmet Topal 81 1
27%
2015 Kayserispor DM Okay Yokuşlu 40 1
27%
2007 2019 Fenerbahçe RB Gökhan Gönül 66 1
24%
2006 2016 Galatasaray LB Hakan Balta 50 2
24%
2006 2011 Galatasaray RB Sabri Sarıoğlu 43 2
24%
2002 2010 Fenerbahçe LW Tuncay Şanlı 79 22
24%
1998 2008 Bochum AM Yıldıray Baştürk 48 2
24%
1998 2006 Galatasaray RM Hasan Şaş 38 2
22%
2006 2011 Fenerbahçe DM Mehmet Aurélio 36 2
22%
2013 2019 Beşiktaş CM Oğuzhan Özyakup 43 1
22%
2014 2018 İstanbul Başakşehir GK Volkan Babacan 35
22%
1990 2005 Galatasaray CB Bülent Korkmaz 47 1
20%
2007 2015 Fenerbahçe ST Colin Kazim-Richards 37 2
20%
2012 Fenerbahçe LB Hasan Ali Kaldırım 35 1
20%
2003 2011 Galatasaray CB Servet Çetin 58 3
20%
2003 2008 Rubin Kazan LW Gökdeniz Karadeniz 49 6
17%
1992 2010 Galatasaray RM Okan Buruk 47 8
17%
1996 2004 Galatasaray RB Ümit Davala 35 4
17%
1995 2005 Beşiktaş CB Alpay Özalan 45 3
15%
2003 2009 Beşiktaş LB İbrahim Üzülmez 36 1
12%
1994 2006 Galatasaray LB Ergün Penbe 45
10%
2005 2013 Beşiktaş CB Gökhan Zan 35
10%
1990 2007 Galatasaray DM Tugay Kerimoğlu 39
10%
1997 2004 Galatasaray RB Fatih Akyel 51
5%
2000 2005 Fenerbahçe CB Ümit Özat 41 1
5%
No matching quizzes found
Score Distribution
Percent of People with Each Score
Percentile by Number Answered
Your Score History
You have not taken this quiz